Logos des dieux du Rock (quiz musique) - Statistiques

Statistiques générales
  • Ce quiz a été pris 5 785 fois
  • Le résultat moyen est 10 sur 12
Statistiques - réponses
Par images Réponse % Correct
AC/DC
100%
Nirvana
98%
The Beatles
97%
Queen
96%
The Rolling Stones
94%
Metallica
93%
Red Hot Chili Peppers
81%
Iron Maiden
79%
The Doors
70%
Arctic Monkeys
66%
The Clash
60%
Led Zeppelin
55%
Aucun quiz correspondant
Distribution des résultats
% des personnes avec chaque résultat
Percentile par nombre de réponses
Votre historique - résultats
Vous n’avez pas pris ce quiz